UM Logo

Chicken soup for the soul : (Record no. 22892)

MARC details
000 -LEADER
fixed length control field 00932nam a22002177a 4500
005 - DATE AND TIME OF LATEST TRANSACTION
control field 20241115171044.0
008 - FIXED-LENGTH DATA ELEMENTS--GENERAL INFORMATION
fixed length control field 241024b |||||||| |||| 00| 0 eng d
020 ## - INTERNATIONAL STANDARD BOOK NUMBER
International Standard Book Number 9781935096146
082 ## - DEWEY DECIMAL CLASSIFICATION NUMBER
Classification number DC 810.85020382022 C432 2008
245 ## - TITLE STATEMENT
Title Chicken soup for the soul :
Remainder of title stories of faith : inspirational stories of hope, devotion, faith, and miracles /
Statement of responsibility, etc. compiled by Jack Canfield, Mark Victor Hansen ; edited by Amy Newmark.
260 ## - PUBLICATION, DISTRIBUTION, ETC. (IMPRINT)
Place of publication, distribution, etc. Cos Cob, CT :
Name of publisher, distributor, etc. Chicken Soup for the Soul Publiching, LLC.,
Date of publication, distribution, etc. ©2008.
300 ## - PHYSICAL DESCRIPTION
Extent xi, 382 pages :
Other physical details illustrations ;
Dimensions 21 cm.
650 #0 - SUBJECT ADDED ENTRY--TOPICAL TERM
Topical term or geographic name as entry element Faith
General subdivision Literary collections.
9 (RLIN) 64203
650 #0 - SUBJECT ADDED ENTRY--TOPICAL TERM
Topical term or geographic name as entry element Christian life
General subdivision Literary collections.
9 (RLIN) 64204
650 #0 - SUBJECT ADDED ENTRY--TOPICAL TERM
Topical term or geographic name as entry element Faith
General subdivision Anecdotes.
9 (RLIN) 64205
650 #0 - SUBJECT ADDED ENTRY--TOPICAL TERM
Topical term or geographic name as entry element Christian life
General subdivision Anecdotes.
9 (RLIN) 64206
700 ## - ADDED ENTRY--PERSONAL NAME
Personal name Canfield, Jack,
Relator term compiler.
9 (RLIN) 64208
700 ## - ADDED ENTRY--PERSONAL NAME
Personal name Hansen, Mark Victor.
9 (RLIN) 63433
Relator term compiler.
700 ## - ADDED ENTRY--PERSONAL NAME
Personal name Newmark, Amy,
Relator term editor.
9 (RLIN) 64207
942 ## - ADDED ENTRY ELEMENTS (KOHA)
Source of classification or shelving scheme Dewey Decimal Classification
Koha item type Circulation
Holdings
Withdrawn status Lost status Source of classification or shelving scheme Damaged status Not for loan Collection code Home library Current library Date acquired Source of acquisition Cost, normal purchase price Total Checkouts Full call number Barcode Date last seen Price effective from Koha item type
    Dewey Decimal Classification     Circulation UM Digos College - LIC UM Digos College - LIC 08/20/2024 Purchased 1450.00   DC 810.85020382022 C432 2008 28557 05/15/2025 10/24/2024 Circulation